000 00874nam a22002177a 4500
003 UA-OsUOA
001 69635
007 ta
008 20100702b un ||||| |||| 00| 0 ukr d
090 _a343.21
_bС77
942 _cBK
040 _aUA-OsUOA
_brus
_cUA-OsUOA
_dUA-OsUOA
245 _aСтановление и развитие советского уголовного законодательства
_bматериалы межвузовской научной конференции, посвященной 50-летию первого советского Уголовного кодекса
_cотв. ред. Коржанский Н. И.
300 _a164 с.
955 _a2
041 _arus
080 _a343.21
260 _aВолгоград
_c1973
650 7 _a343 Кримінальне право. Карні порушення
_2UDC
999 _c355903
_d355903